000 00740nam a2200265 a 4500
005 20210219152902.0
008 991125n 000 0 u
035 _aUPN01000065202
100 _aClick, J. William
222 _aJOURNALISM AND MASS COMMUNICATION EDUCATOR
245 _aAttitudes of principals and teachers toward student press
300 _a59-70
362 _a48, No. 1, 1993
505 _aNoviembre 1993
653 0 _aACTITUD DOCENTE
653 0 _aCENSURA
653 0 _aDIRECTORES
653 0 _aEDUCACION PERIODISTICA
653 0 _aLIBERTAD DE PALABRA
653 0 _aPERIODICOS ESCOLARES
700 _aKopenhaver, Lillian Lodge
700 _aHatcher, Larry
904 _aAC
_b003013
905 _aArticulo
999 _c62986
_d62986